000 00914nam0a22003131 4500
001 RU\NLR\A1SV\40934
005 20251203171251.9
035 _a(NLR Aleph) 009723234
090 _a9881185
_c9881185
100 _a20020207d1918 u y0rusy50 ca
101 0 _arus
102 _aRU
200 1 _aКолесная мазь
210 _aСамара
_cГуб. тип.
_d1918
215 _a24 с.
_d24 см
225 _aХим.-техн. б-ка
_iСер. "Техн. выработка необходимых в крестьян. хоз-ве продуктов"
_vN 1
620 _dСамара
700 1 _aБлаговещенский
_bВ.П.
_4070
801 0 _aRU
_bNLR
_c20020207
899 _aЧОУНБ
899 _aСамОУНБ
899 _aНБ ТГУ
899 _aНБ ТГУ
899 _aЧОУНБ
899 _aСамОУНБ
942 _cBOOK
980 _aNB
980 _aA1SV